000 00495nam a22001577a 4500
999 _c9083
_d9083
008 210323b ||||| |||| 00| 0 eng d
040 _aBMS College of Architecture
100 _aSirigeri, K, Akshatha
245 _aSoftware tech park at whitefield Bangalore
300 _aNA
500 _a1BM06AT004
502 _8B.Arch
_NBMS College of Architecture, Visvesvaraya Technological University
_aProject report
_d2011
650 _aSoftware
700 _aSindhu Srikanth
_eGuide
942 _2ddc
_cTHE